[Event "Asian Zonal 3.3 Women 2019"]
[Site "Ulaanbaatar"]
[Date "2019.04.11"]
[Round "5.12"]
[White "Otgonjargal, Sengeravdan"]
[Black "Mungunzul, Bat-Erdene"]
[Result "1/2-1/2"]
[WhiteElo "2162"]
[BlackElo "1906"]
[Annotator "TA"]
[PlyCount "112"]
[EventDate "2019.04.07"]
[EventType "swiss"]
[EventRounds "9"]
[EventCountry "MGL"]
[SourceTitle "playchess.com"]
[Source "ChessBase"]
[SourceQuality "1"]

{[%evp 9,112,44,101,100,111,109,112,99,100,75,67,64,54,57,57,50,52,47,68,59,57,50,60,43,79,58,75,59,56,47,52,61,53,42,35,35,47,55,20,27,30,-27,13,7,0,-3,15,34,40,-7,-12,-18,7,0,47,37,35,0,19,18,16,21,31,22,23,25,48,43,37,0,7,0,0,0,0,0,0,0,10,0,0,0,0,0,0,0,0,0,0,0,0,0,0,0,14,0,0,0,0,0,0,0,0,0,0]} 1. e4 e5 2. d4 exd4 3. Qxd4 Nc6 4. Qe3 Nge7 (4... Nf6 5. Bd2 Be7 6. Nc3 d5 7. Nxd5 Nxd5 8. exd5 Qxd5 9. Ne2 O-O 10. Nf4 Qc5 11. O-O-O Bf5 12. Qxc5 Bxc5 13. Bd3 Bxd3 14. Nxd3 Bb6 15. Rhe1 Rfe8 16. c3 Kf8 {½-½ (60) Artemiev,V (2704)-Fedoseev,V (2706) Poikovsky 2018}) 5. Bd2 Ng6 ({Better is} 5... d5 $14) 6. Nc3 $16 {C22: Centre Game} Bb4 7. O-O-O d6 8. Nge2 $146 {White is better.} ({Predecessor:} 8. h4 O-O 9. Qg3 f5 10. Bc4+ Kh8 11. h5 Nge5 12. Bb3 Nd4 13. Bg5 Nxb3+ 14. axb3 Qe8 15. Nd5 Ba5 16. h6 g6 17. f4 Ng4 18. b4 Bb6 19. Qc3+ {1-0 (19) Nadj Hedjesi,B (2397)-Mester,R (1933) Subotica 2014}) 8... Nce5 9. Nd4 Bc5 10. f3 Bd7 11. Qf2 Nc6 12. Be3 Nxd4 13. Bxd4 Qg5+ 14. Kb1 Bxd4 15. Qxd4 {Threatens to win with Nd5.} Qe5 16. Qf2 Bc6 17. g3 Qa5 18. Bc4 Ne5 19. Bb3 Qb6 20. Qe2 O-O 21. h4 a5 {Threatening ...a4.} 22. a3 Qa6 23. Qxa6 Rxa6 24. Rhf1 b5 {[%cal Bb7b5,Bb5b4][%mdl 32]} 25. Ne2 ({White should play} 25. f4 Ng4 26. Rfe1) 25... b4 26. a4 Bd7 27. Rd2 Bh3 28. Rf2 Be6 29. Bxe6 fxe6 30. Nd4 Kf7 31. f4 Nc4 32. Rd3 Ke7 33. b3 Na3+ 34. Kb2 c5 35. Ne2 c4 36. Rd1 cxb3 37. cxb3 Rc6 38. Nd4 Rc3 39. Rf3 Rfc8 {The position is equal.} 40. Rdf1 Rxf3 41. Rxf3 $11 {[%mdl 4096] Endgame KRN-KRN} g6 42. Rd3 h6 43. g4 Rc5 44. Rd1 {Strongly threatening Rc1.} e5 45. fxe5 dxe5 46. Nf3 {aiming for Rc1.} Rc2+ 47. Ka1 Ke6 48. Rd5 Rc3 49. Rxe5+ Kf7 50. Nd4 Rd3 51. Nc6 Rxb3 52. Rxa5 {Rc5 is the strong threat.} Nc4 53. Ra7+ Ke8 54. e5 Ra3+ 55. Kb1 Rb3+ 56. Ka1 Ra3+ {Accuracy: White = 48%, Black = 71%.} 1/2-1/2

[Event "Asian Zonal 3.3 Women 2019"]
[Site "Ulaanbaatar"]
[Date "2019.04.11"]
[Round "5.13"]
[White "Munkhzul, Davaakhuu"]
[Black "Mendoza, Shania Mae"]
[Result "0-1"]
[WhiteElo "1793"]
[BlackElo "2156"]
[Annotator "TA"]
[PlyCount "132"]
[EventDate "2019.04.07"]
[EventType "swiss"]
[EventRounds "9"]
[EventCountry "MGL"]
[SourceTitle "playchess.com"]
[Source "ChessBase"]
[SourceQuality "1"]

{[%evp 24,132,14,7,7,0,0,0,0,-23,-21,-29,-35,-35,-29,-43,-20,-49,0,-46,-50,-45,-51,-45,-56,-72,-72,-86,-87,-102,-94,-89,-27,-97,-49,-53,-75,-60,-61,-53,-17,-21,-11,-12,0,-10,0,0,0,0,0,-30,-39,-52,0,0,0,0,0,0,0,0,0,0,0,0,0,0,0,0,0,0,0,0,0,0,14,0,0,0,0,-16,-9,-16,-16,-59,-59,-1052,-1017,-1017,-715,-635,-634,-778,-496,-1530,-270,-200,0,-1490,-1243,-1533,-1475,-1468,-1467,-1355,-1088,-1018,-901,-446,-435]} 1. e4 c6 2. d4 d5 3. Nc3 dxe4 4. Nxe4 Bf5 5. Ng3 Bg6 6. h4 h6 7. Nf3 Nd7 8. h5 Bh7 9. Bd3 Bxd3 10. Qxd3 e6 11. Bd2 Ngf6 12. O-O-O Be7 13. Kb1 Qb6 {B19: Classical Caro-Kann: 4...Bf5 main line} (13... O-O 14. Ne4 c5 15. g4 Nxg4 16. Qe2 Qb6 17. Ne5 Ndxe5 18. dxe5 f5 19. exf6 Nxf6 20. Nc3 Rad8 21. Rhg1 Kh8 22. Rg6 {½-½ (38) Saric,I (2662)-Nisipeanu,L (2672) Heraklio 2017}) 14. Ne4 Rd8 15. Nxf6+ Nxf6 {The position is equal.} 16. Bc1 c5 17. Qb3 $146 ({Predecessor:} 17. dxc5 Qxc5 18. Qb3 O-O 19. Be3 Qxh5 20. Qxb7 Bc5 21. Rxh5 Rxd1+ 22. Bc1 Nxh5 23. Ne5 Nf6 24. Nd3 {1-0 (24) Zienert,R (2201)-Stork,O (2115) Hannover 2017}) 17... Qxb3 18. axb3 cxd4 19. Nxd4 O-O 20. f3 Rd5 21. c4 Rxh5 22. Rxh5 Nxh5 23. Nb5 Bc5 24. Rd7 {[#]} Rb8 $1 25. Kc2 a6 26. Nc3 Nf6 27. Rd1 e5 (27... Re8 $17) 28. f4 (28. Nd5 $11 {keeps the balance.}) 28... e4 29. Nd5 Ng4 30. b4 Bf2 31. Kd2 Rd8 {White must now prevent ...Ne3.} 32. Ke2 Kf8 33. f5 $1 Bg3 34. Be3 Re8 35. Bc5+ Kg8 36. b3 Bh4 37. g3 (37. Nc3 {seems wilder.} h5 38. Rd7 Nh6 39. Rxb7 Nxf5 40. Be3) 37... Bg5 38. Be3 Bxe3 (38... Nxe3 $15 39. Nxe3 h5) 39. Nxe3 $15 {[%mdl 4096] Endgame KRN-KRN} Ne5 40. Nd5 Nd3 41. Ke3 Kh7 42. Rh1 Re5 43. g4 f6 44. Rd1 Kg8 45. Rd2 Kf7 46. Re2 g6 47. Kd4 gxf5 48. gxf5 Nc1 49. Re1 Nd3 50. Rxe4 Rxe4+ 51. Kxe4 $11 {KN-KN} Nc1 52. Kd4 a5 53. bxa5 Nxb3+ {[%mdl 64] Double Attack} 54. Ke4 Nxa5 55. Nf4 $2 {[%mdl 8192]} (55. Nb6 $15) 55... Nxc4 $19 56. Kd5 Ne3+ 57. Ke4 Ng4 58. Kd4 Ke7 59. Nh5 (59. Kd5 $142 b5 60. Ng6+ Kd7 61. Nf8+ Ke8 62. Ne6) 59... Kd6 $2 (59... b5 60. Ng7 b4) 60. Ke4 Ke7 $2 (60... b5 61. Kf4 Ne5 62. Nxf6 b4 63. Ne8+ Ke7) 61. Kd4 $1 b5 {Black is clearly winning.} 62. Kc5 {[#]} b4 $1 63. Kxb4 Kd6 64. Kc3 Ke5 65. Ng7 Ne3 66. Kd3 Nxf5 {Accuracy: White = 52%, Black = 68%.} 0-1

[Event "Asian Zonal 3.3 Women 2019"]
[Site "Ulaanbaatar"]
[Date "2019.04.11"]
[Round "5.14"]
[White "Urangoo, Kherlenzorig"]
[Black "Anu, Bayar"]
[Result "0-1"]
[WhiteElo "1475"]
[BlackElo "2146"]
[Annotator "TA"]
[PlyCount "62"]
[EventDate "2019.04.07"]
[EventType "swiss"]
[EventRounds "9"]
[EventCountry "MGL"]
[SourceTitle "playchess.com"]
[Source "ChessBase"]
[SourceQuality "1"]

{[%evp 15,62,56,55,62,62,47,68,66,60,31,36,32,31,15,67,60,183,74,233,126,139,110,105,108,109,105,99,52,59,12,14,0,0,-27,-22,-33,-12,-12,-5,-42,-51,-152,-149,-158,-164,-407,-412,-524,-408]} 1. d4 d5 2. c4 dxc4 3. e3 e5 4. Bxc4 exd4 5. exd4 Bb4+ 6. Nc3 Qe7+ 7. Nge2 {D20: Queen's Gambit Accepted: 3 e3 and 3 e4} Nf6 8. O-O O-O {LiveBook: 4 Games} 9. a3 {White is slightly better.} (9. Bg5 c6 10. Qb3 Bd6 11. Ng3 b5 12. Bd3 Be6 13. Qd1 h6 14. Bd2 Bxg3 15. hxg3 {1-0 (49) Ferreira,J (2503)-Del Rey,D (2377) Porto 2016}) 9... Bd6 $146 ({Predecessor:} 9... Ba5 10. Bg5 c6 11. Ng3 Qd6 12. Qd3 Bc7 13. Rfe1 h6 14. Bd2 Rd8 {0-1 (49) Hartmann,R (1756)-Eidelmann,V (2036) Bad Sooden 2004}) 10. Ng3 h6 11. Re1 Qd8 12. Nce4 Nc6 13. Nxd6 Qxd6 14. d5 Bg4 (14... Ne7 $11) 15. f3 $36 {[%mdl 2048] White has good play.} Rad8 {[#]} ({But not} 15... Na5 $2 16. Bf1 $18) ({Black should try} 15... Be6 $14) 16. b4 (16. Bb3 $1 $18 {and White stays clearly on top.}) 16... Ne5 $2 (16... Bc8 $16 {was called for.}) 17. Ba2 ({White should play} 17. Bf4 $18 Nxf3+ 18. Qxf3 Qb6+ 19. Qe3) 17... Bc8 {[%cal Rf6d5]} 18. Bf4 Qb6+ 19. Kh1 Ng6 20. Be3 Qb5 {[%cal Rf6d5]} 21. Qc2 {[#] aiming for d6.} Nxd5 22. Bc5 {Strongly threatening Bxd5.} (22. Qc5 {is more complex.} Qc6 23. b5 Qd7 24. Rad1 c6 25. Qxa7 Qc7 26. Bxd5 Rxd5 27. Rxd5 cxd5 28. Bc5) 22... Rfe8 23. Rxe8+ Qxe8 24. Bxd5 Rxd5 25. Bxa7 Qe5 26. Rc1 c6 27. Bc5 Nf4 28. Qe4 (28. Rf1 $15) 28... Nd3 $17 29. Qxe5 Rxe5 ({Don't play} 29... Nxe5 30. Kg1 $15) 30. Rd1 $2 (30. Rb1 {keeps fighting.}) 30... Rxc5 $19 ({Less strong is} 30... Nxc5 31. bxc5 Rxc5 32. Ne4 $17) 31. Kg1 Rc1 {Precision: White = 22%, Black = 47%.} 0-1

[Event "Asian Zonal 3.3 Women 2019"]
[Site "Ulaanbaatar"]
[Date "2019.04.11"]
[Round "5.15"]
[White "Margadgua, Erdenebayar"]
[Black "Enkhsaran, Batsaikhan"]
[Result "0-1"]
[WhiteElo "1585"]
[BlackElo "1792"]
[Annotator "NA RC"]
[PlyCount "88"]
[EventDate "2019.04.07"]
[EventType "swiss"]
[EventRounds "9"]
[EventCountry "MGL"]
[SourceTitle "playchess.com"]
[Source "ChessBase"]
[SourceQuality "1"]
[TimeControl "40/5400+30:1800+30"]

1. d3 d5 2. Nd2 c5 3. e4 e6 4. Ngf3 Nf6 5. g3 Nc6 6. Bg2 Be7 7. O-O O-O 8. Re1 b6 9. e5 Nd7 10. Nf1 Ba6 11. a4 Rc8 12. h4 c4 13. d4 c3 14. bxc3 Na5 15. Bd2 Nc4 16. Ne3 Nxd2 17. Qxd2 Qc7 18. Nd1 Nb8 19. Qf4 Nc6 20. Bh3 h6 21. Nd2 Na5 22. Qg4 Nc4 23. Nxc4 Bxc4 24. f4 Ba6 25. Qf3 Rcd8 26. h5 Qc6 27. Qe3 Rb8 28. Kh2 Rfe8 29. g4 f6 30. exf6 Bxf6 31. g5 hxg5 32. fxg5 Bd8 33. Kg1 Bc7 34. Qf3 e5 35. Qg4 exd4 36. Re6 Bd6 37. Qxd4 Qc7 38. Nf2 Bc5 39. Rxe8+ Rxe8 40. Qxd5+ Kh8 41. Bg2 Rf8 42. Qd2 Rxf2 43. Qxf2 Bxf2+ 44. Kxf2 Qxc3 0-1

[Event "Asian Zonal 3.3 Women 2019"]
[Site "Ulaanbaatar"]
[Date "2019.04.11"]
[Round "5.16"]
[White "Udval, Enkhsaikhan"]
[Black "Anujin, Bat-Amgalan"]
[Result "1/2-1/2"]
[WhiteElo "1761"]
[BlackElo "1407"]
[Annotator "NA RC"]
[PlyCount "64"]
[EventDate "2019.04.07"]
[EventType "swiss"]
[EventRounds "9"]
[EventCountry "MGL"]
[SourceTitle "playchess.com"]
[Source "ChessBase"]
[SourceQuality "1"]
[TimeControl "40/5400+30:1800+30"]

1. d4 Nf6 2. c4 e6 3. Nf3 Bb4+ 4. Nc3 b6 5. Bd2 Bb7 6. e3 O-O 7. Bd3 c5 8. O-O cxd4 9. exd4 d5 10. cxd5 Nxd5 11. Nxd5 Bxd2 12. Nxb6 Qxb6 13. Nxd2 Qxd4 14. Nc4 Rd8 15. Qc2 Qh4 16. Rfd1 Nc6 17. Ne3 Rac8 18. Qb3 Qb4 19. Qxb4 Nxb4 20. Bf1 Nd5 21. Nxd5 Rxd5 22. Rxd5 Bxd5 23. b4 Kf8 24. h3 Ke7 25. a4 Rb8 26. Rb1 a5 27. b5 Rb6 28. Bd3 h6 29. Rc1 Kd6 30. Rc3 Rb7 31. Rc8 Rc7 32. Rxc7 Kxc7 1/2-1/2

[Event "Asian Zonal 3.3 Women 2019"]
[Site "Ulaanbaatar"]
[Date "2019.04.11"]
[Round "5.17"]
[White "Unurzul, Davaakhuu"]
[Black "Enkhnasan, Namjiljav"]
[Result "1-0"]
[WhiteElo "1378"]
[BlackElo "1610"]
[Annotator "NA RC"]
[PlyCount "107"]
[EventDate "2019.04.07"]
[EventType "swiss"]
[EventRounds "9"]
[EventCountry "MGL"]
[SourceTitle "playchess.com"]
[Source "ChessBase"]
[SourceQuality "1"]
[TimeControl "40/5400+30:1800+30"]

1. e4 c6 2. Nf3 d5 3. exd5 cxd5 4. d4 h6 5. Nc3 Nf6 6. Bb5+ Bd7 7. Bxd7+ Nbxd7 8. O-O e6 9. Bf4 a6 10. a3 Be7 11. h3 O-O 12. Bg3 Rc8 13. Qe2 Qb6 14. Na4 Qc6 15. Nc3 Ne4 16. Nxe4 dxe4 17. Ne5 Nxe5 18. Bxe5 f5 19. c3 Bd6 20. Bxd6 Qxd6 21. Rad1 Qc6 22. Rfe1 Rf6 23. Qe3 Rg6 24. Qf4 Rf8 25. Qe5 Kh7 26. d5 exd5 27. Rxd5 Qb6 28. Qe7 Rff6 29. Qb4 Qxb4 30. axb4 b5 31. Red1 f4 32. Re1 Re6 33. Rd4 f3 34. g4 h5 35. Rexe4 Rxe4 36. Rxe4 hxg4 37. Rxg4 Rf6 38. Kh2 Kh6 39. Kg3 g5 40. h4 gxh4+ 41. Rxh4+ Kg5 42. Rg4+ Kh5 43. Rf4 Rd6 44. Rxf3 Kg5 45. Re3 Kf5 46. Kf3 Rd2 47. Re2 Rd3+ 48. Kg2 Kf6 49. f3 Rd8 50. Kg3 Rg8+ 51. Kf4 Rh8 52. Rd2 Ke6 53. Ke4 Ke7 54. f4 1-0

[Event "Asian Zonal 3.3 Women 2019"]
[Site "Ulaanbaatar"]
[Date "2019.04.11"]
[Round "5.18"]
[White "Lkhagvajed, Gantulga"]
[Black "Khongorzul, Davaakhuu"]
[Result "0-1"]
[WhiteElo "1344"]
[BlackElo "1568"]
[Annotator "NA RC"]
[PlyCount "96"]
[EventDate "2019.04.07"]
[EventType "swiss"]
[EventRounds "9"]
[EventCountry "MGL"]
[SourceTitle "playchess.com"]
[Source "ChessBase"]
[SourceQuality "1"]
[TimeControl "40/5400+30:1800+30"]

1. d4 d5 2. Nf3 c6 3. c3 Bf5 4. Bf4 h6 5. e3 Nf6 6. Nbd2 Nbd7 7. Be2 e6 8. O-O Be7 9. Ne5 Nxe5 10. Bxe5 O-O 11. Nf3 Nd7 12. Bg3 Nf6 13. Ne5 Ne4 14. Bd3 f6 15. Nf3 Qe8 16. Nh4 Nxg3 17. hxg3 Bxd3 18. Qxd3 f5 19. Nf3 Bd6 20. b4 b5 21. a4 a6 22. axb5 cxb5 23. Ra3 Qc6 24. Rfa1 Rfc8 25. Rb3 Qe8 26. Rba3 Qh5 27. Qd2 Rc6 28. Ne1 Qg4 29. Nd3 h5 30. Ne5 Bxe5 31. dxe5 h4 32. gxh4 Qxh4 33. Qd4 Qh5 34. Qd2 Kf7 35. f4 g5 36. Ra5 Rh8 37. Rxa6 Rxa6 38. Rxa6 g4 39. Ra7+ Kg6 40. Kf2 g3+ 41. Kxg3 Qh4+ 42. Kf3 Kh6 43. Ke2 Rg8 44. Kd3 Qh1 45. Ra2 Rg3 46. Qe2 Qb1+ 47. Rc2 Qb3 48. Kd4 Rxg2 0-1

[Event "Asian Zonal 3.3 Women 2019"]
[Site "Ulaanbaatar"]
[Date "2019.04.11"]
[Round "5.19"]
[White "Khanyl, Chuluuntuya"]
[Black "Ng, Sau Wai"]
[Result "1/2-1/2"]
[WhiteElo "1375"]
[BlackElo "1154"]
[Annotator "NA RC"]
[PlyCount "61"]
[EventDate "2019.04.07"]
[EventType "swiss"]
[EventRounds "9"]
[EventCountry "MGL"]
[SourceTitle "playchess.com"]
[Source "ChessBase"]
[SourceQuality "1"]
[TimeControl "40/5400+30:1800+30"]

1. d4 Nf6 2. Nf3 g6 3. Bg5 Bg7 4. e3 Na6 5. c3 O-O 6. Nbd2 d6 7. h3 Re8 8. Bd3 Qd7 9. O-O e5 10. dxe5 dxe5 11. Bc2 Qc6 12. Bxf6 Bxf6 13. Ba4 b5 14. Bc2 Rb8 15. Be4 Qd7 16. Qe2 Bb7 17. Bd3 e4 18. Bxb5 exf3 19. Nxf3 Bxf3 20. Qxf3 Qxb5 21. Qxf6 Nc5 22. Rfb1 Ne4 23. Qd4 Qb6 24. b3 Qxd4 25. cxd4 c5 26. dxc5 Nxc5 27. Rc1 Nd3 28. Rc7 Ra8 29. Rd1 Red8 30. Kf1 a5 31. e4 1/2-1/2

[Event "Asian Zonal 3.3 Women 2019"]
[Site "Ulaanbaatar"]
[Date "2019.04.12"]
[Round "6.1"]
[White "Munguntuul, Batkhuyag"]
[Black "Aulia, Medina Warda"]
[Result "1-0"]
[WhiteElo "2415"]
[BlackElo "2362"]
[Annotator "TA"]
[PlyCount "111"]
[EventDate "2019.04.07"]
[EventType "swiss"]
[EventRounds "9"]
[EventCountry "MGL"]
[SourceTitle "playchess.com"]
[Source "ChessBase"]
[SourceQuality "1"]

{[%evp 26,111,25,37,119,129,171,157,159,151,132,110,136,128,125,86,154,157,133,156,156,135,167,135,143,140,269,260,262,262,326,127,572,566,549,535,515,502,483,450,1198,1198,1193,1193,1180,1135,1024,585,649,559,521,360,1045,945,1254,1100,1670,1439,1622,1450,2006,1283,5732,5597,4610,4582,6215,6581,29979,29979,29974,11993,29981,29982,29982,29983,29982,29983,29982,29983,29985,29986,29986,29987,29987,29988,29988,29985]} 1. e4 e6 2. d4 d5 3. Nc3 Bb4 4. e5 c5 5. a3 Bxc3+ 6. bxc3 Ne7 7. Qg4 Qc7 8. Qxg7 Rg8 9. Qxh7 cxd4 10. Ne2 dxc3 11. f4 Nbc6 12. Qd3 d4 13. Nxd4 {C18: French: 3 Nc3 Bb4: Main line: 7 h4 and 7 Qg4} Nxd4 14. Qxd4 {LiveBook: 129 Games} Nf5 (14... Bd7 $14) (14... Bd7 15. Rg1 Nf5 16. Qf2 Qc6 17. g4 Qe4+ 18. Qe2 Qd5 19. Bg2 Qc5 20. Qf2 Nd4 21. Be4 O-O-O 22. Be3 Bc6 23. Bd3 {½-½ (37) Vachier Lagrave,M (2775)-Radjabov,T (2731) Tbilisi 2015}) 15. Bb5+ $1 $16 {White is better.} Bd7 16. Qxd7+ Qxd7 17. Bxd7+ Kxd7 18. O-O Rad8 $146 ({Predecessor:} 18... Rg6 19. g3 Rc8 20. Rd1+ Ke8 {1-0 (50) Kinez,I (2019)-Jergovic,A (1978) Zagreb 2018}) 19. Rb1 b6 20. Rb4 Ke7 {[#]} (20... Rc8 $142) 21. Rc4 $1 Rc8 22. Rxc8 Rxc8 {[%mdl 4096] Endgame [#] KRB-KRN} 23. Rd1 $1 Rc4 24. Kf2 b5 25. Be3 a5 (25... Kf8 $16 {is a better defense.} 26. g4 (26. Bxa7 Rxf4+ 27. Ke2 Re4+ 28. Kf3 Rxe5 $16) 26... Nxe3 27. Kxe3 Ra4) 26. g4 $18 Nxe3 27. Kxe3 {KR-KR} Ra4 28. Rb1 $2 (28. h4 $18 {is the precise move to win.}) 28... b4 $2 {[%mdl 8192]} (28... Rxa3 $16 {is a better chance.} 29. Rxb5 Ra1) 29. axb4 axb4 30. h4 Ra2 31. Kd3 Rb2 32. Rc1 Kf8 (32... Ra2 $142 33. Rb1 Ra4) 33. h5 Kg7 34. g5 Kh7 35. h6 Ra2 36. Rf1 Kg6 37. Rb1 Ra4 38. Rb3 Kh7 $2 (38... Kf5 39. Ke3 Kg6) 39. Kc4 Ra2 40. Kxb4 Rxc2 41. Rxc3 Rd2 42. Kb5 Kg6 43. Rc8 Rh2 44. Rg8+ Kf5 45. Rf8 Kg6 46. Kc6 Rh4 47. Rg8+ Kf5 48. Rg7 Kxf4 49. Kd6 {White mates.} Kf5 50. h7 Rh1 51. Ke7 Kxe5 52. Kxf7 Kf5 53. Kg8 e5 54. h8=Q Rxh8+ 55. Kxh8 e4 56. Re7 {Accuracy: White = 84%, Black = 28%.} 1-0

[Event "Asian Zonal 3.3 Women 2019"]
[Site "Ulaanbaatar"]
[Date "2019.04.12"]
[Round "6.3"]
[White "Munkhzul, Turmunkh"]
[Black "Ulziikhishigjargal, Ochirkhuyag"]
[Result "1-0"]
[WhiteElo "2348"]
[BlackElo "1843"]
[Annotator "TA"]
[PlyCount "12"]
[EventDate "2019.04.07"]
[EventType "swiss"]
[EventRounds "9"]
[EventCountry "MGL"]
[SourceTitle "playchess.com"]
[Source "ChessBase"]
[SourceQuality "1"]

{[%evp 9,12,5,16,-6,0]} 1. Nf3 Nf6 2. g3 b6 3. Bg2 Bb7 4. O-O e6 5. d3 d5 6. e3 {A05: Réti Opening: 1 Nf3 Nf6} (6. Nbd2 Nbd7 7. Re1 Bc5 8. c4 O-O 9. a3 a5 10. cxd5 exd5 11. Nb3 Be7 12. Nbd4 Re8 13. Bf4 Nh5 14. Bd2 a4 15. b4 axb3 16. Qxb3 {½-½ (41) Anton Guijarro,D (2654)-Bruzon Batista,L (2643) Tbilisi 2017}) 6... Be7 $146 {[%mdl 32768] Loss on time!?} ({Predecessor:} 6... Nbd7 7. d4 Be7 8. Nbd2 O-O 9. b3 c5 10. c3 Ne4 11. Bb2 f5 12. Ne5 Qc7 13. f4 Nxe5 14. fxe5 {1-0 (46) Matvienko,V (1993)-Bilsky,M (1775) Chervonograd 2015}) 1-0

[Event "Asian Zonal 3.3 Women 2019"]
[Site "Ulaanbaatar"]
[Date "2019.04.12"]
[Round "6.4"]
[White "Sihite, Chelsie Monica Igne"]
[Black "Vo, Thi Kim Phung"]
[Result "0-1"]
[WhiteElo "2227"]
[BlackElo "2349"]
[Annotator "TA"]
[PlyCount "116"]
[EventDate "2019.04.07"]
[EventType "swiss"]
[EventRounds "9"]
[EventCountry "MGL"]
[SourceTitle "playchess.com"]
[Source "ChessBase"]
[SourceQuality "1"]

{[%evp 19,116,27,88,-52,0,0,84,92,102,83,129,120,94,29,91,87,50,40,72,83,100,36,14,-16,-17,0,-12,0,0,-14,0,0,0,0,0,0,0,-26,-31,-29,-19,-22,202,206,192,187,168,24,23,23,23,32,41,-26,-14,-56,-62,-146,-164,-125,-45,-181,-168,-204,-235,-545,-185,-203,-216,-201,-141,-826,-798,-784,-776,-1524,-1422,-29959,-29960,-29954,-12183,-4952,-3546,-29974,-29975,-29974,-29969,-29977,-29978,-29984,-29985,-29985,-29986,-29986,-29987,-29988,-29989,-29989,-29990]} 1. e4 e6 2. d4 d5 3. Nd2 Nf6 4. e5 Nfd7 5. Bd3 c5 6. c3 b6 7. Ne2 Ba6 8. Bxa6 Nxa6 9. O-O Be7 10. f4 g6 (10... O-O $11) 11. f5 $146 {C06: French Tarrasch: 3...Nf6 4 e5 Nfd7 5 Bd3 main lines} (11. g4 $16) ({Predecessor:} 11. Nf3 b5 12. Be3 c4 13. b4 Nb6 14. Qc2 Nb8 15. g4 h5 16. h3 hxg4 17. hxg4 Nc6 18. Kg2 Kd7 {0-1 (90) Kadam,O (2082)-Sai Agni,J (2362) Taleigao 2018}) 11... gxf5 (11... exf5 $15 12. Nf3 O-O) 12. Nf4 h5 {[#]} (12... Nc7 $11 {remains equal.}) 13. c4 $1 $16 {[%cal Rc4d5] White is better.} Nc7 14. cxd5 exd5 15. Qf3 cxd4 16. Nd3 (16. Nxd5 $16 Nxd5 17. Qxd5) 16... Nf8 (16... Nc5 $11) 17. Nb3 Nce6 18. Bd2 a5 {[%cal Ba7a5,Ba5a4][%mdl 32]} 19. Qxf5 Rh7 20. Rae1 (20. Nf4 $16) 20... Qd7 $14 21. Nf4 a4 22. Nc1 Nxf4 23. Qxf4 Qg4 24. Qf2 $1 Ne6 25. h3 $1 {[%cal Rh3g4]} Qg6 26. Qf3 Rd8 27. Nd3 Rg7 28. Nf4 Nxf4 29. Bxf4 Rc8 30. Qxd5 {And now e6 would win.} Rc2 $2 (30... Qc6 $11 {and Black is okay.} 31. Qxc6+ Rxc6) 31. Qa8+ $18 Bd8 {[%cal Rg6g2]} 32. Bg5 $1 {[%csl Gg5][%cal Ra8d8]} ({Weaker is} 32. Qxa4+ Kf8 $11) 32... Rxg2+ 33. Qxg2 (33. Kxg2 $18 {[%csl Gg5][%cal Ra8d8]} Qxg5+ 34. Kh1) 33... Qxg5 $11 34. Qxg5 Bxg5 $18 {[%mdl 4096] Endgame KRR-KRB} 35. Kh2 Ke7 36. Re2 (36. Rd1 $14 Be3 37. Rf6) 36... Ke6 $11 37. Rg2 {Strongly threatening h4!} Kxe5 38. Re1+ ({White should play} 38. Kh1 $15) 38... Kd5 $17 39. Kh1 h4 ({Black should try} 39... Rg6 $17 40. Rf1 Ke6) 40. Rd1 {[#]} ({White has to play} 40. Rf1 $1 $15) 40... Rg6 $1 $19 41. Rg4 Be3 42. Rf1 $2 (42. Rxh4 {is a better chance.} f5 43. Rh8) 42... Rc6 $2 (42... Rxg4 43. hxg4 Ke4 44. Rxf7 d3) 43. Rxh4 Rc2 44. Rh5+ Ke4 45. Rhf5 $2 {[%mdl 8192]} (45. Rh8 $17) 45... d3 46. Rxf7 d2 47. b3 a3 48. h4 Rc1 49. Kg2 d1=Q {( -> ...Qg4+)} 50. Re7+ Kd3 51. Rd7+ Bd4 {Black mates.} 52. Rxd1+ Rxd1 {KRB-KR} 53. h5 Rd2+ {[%mdl 64] Double Attack} 54. Kg3 Ke4 55. Kg4 Rxa2 56. Ra7 b5 {[%cal Bb6b5,Bb5b4][%mdl 32]} 57. Ra5 b4 58. Ra4 Rh2 {Accuracy: White = 30%, Black = 62%.} 0-1

[Event "Asian Zonal 3.3 Women 2019"]
[Site "Ulaanbaatar"]
[Date "2019.04.12"]
[Round "6.5"]
[White "Altantuya, Boldbaatar"]
[Black "Hoang, Thi Bao Tram"]
[Result "1/2-1/2"]
[WhiteElo "2223"]
[BlackElo "2298"]
[Annotator "TA"]
[PlyCount "87"]
[EventDate "2019.04.07"]
[EventType "swiss"]
[EventRounds "9"]
[EventCountry "MGL"]
[SourceTitle "playchess.com"]
[Source "ChessBase"]
[SourceQuality "1"]

{[%evp 13,87,28,40,0,29,4,27,32,37,24,36,25,31,29,29,3,31,0,9,0,12,0,0,-16,-22,-12,-11,-27,-9,-28,0,-14,-13,-16,0,-4,-11,-23,-16,-11,-12,-17,-13,-22,0,-8,-9,-15,0,0,0,-4,0,-18,0,0,12,-10,-5,-27,-5,-5,-5,-54,-5,-26,-5,-38,-14,-53,0,-32,0,-50,0,-25]} 1. d4 d5 2. c4 c6 3. Nc3 Nf6 4. e3 g6 5. Nf3 Bg7 6. Bd3 O-O 7. O-O a6 8. Ne5 {D94: Grünfeld: 4 Nf3 Bg7 5 e3} (8. h3 b5 9. b3 Nbd7 10. Bb2 bxc4 11. bxc4 dxc4 12. Bxc4 c5 13. Rb1 cxd4 14. Nxd4 Ne5 15. Be2 Bb7 16. Na4 {1-0 (55) Fedoseev,V (2724)-Artemiev,V (2697) Moscow 2018}) 8... Be6 9. c5 (9. cxd5 {keeps more tension.} cxd5 10. f4 Nbd7 11. Bd2 Rc8 12. Rc1) 9... Nfd7 10. Nxd7 {White has an edge.} Nxd7 11. Bd2 f6 $146 ({Predecessor:} 11... Bf5 12. Bxf5 gxf5 13. f4 {1-0 (57) Shengelia,D (2523)-Rojas Keim,L (2414) Werther 2007}) 12. Qb3 Rb8 13. f4 Bf7 14. f5 e5 15. fxe6 Bxe6 16. Be1 Bh6 17. Bf2 Bf7 18. Qc2 f5 19. Rae1 Re8 20. Nd1 Ra8 21. Bg3 Bg5 22. Qf2 Re6 23. Qf3 Qe8 24. Bc7 (24. Bd6 {is interesting.} Bf6 25. g4 fxg4 26. Qxg4 Bg7 27. Qg3) 24... Nf6 25. Bf4 Bxf4 26. Qxf4 Qe7 27. Re2 Re8 28. Rfe1 Kg7 29. Qg3 Nh5 30. Qf3 Qc7 31. Nf2 Nf6 32. b4 R6e7 33. Qf4 Qc8 34. a4 Be6 35. h4 Bd7 36. Nh3 Nh5 37. Qf2 Qb8 38. Qf3 Nf6 39. Qf4 Qd8 40. Qg3 Nh5 41. Qf3 Nf6 42. Qg3 Nh5 43. Qf3 Nf6 44. Qg3 {Accuracy: White = 46%, Black = 32%.} 1/2-1/2